| 000 | 00340nam a22001337a 4500 | ||
|---|---|---|---|
| 008 | 250801b |||||||| |||| 00| 0 eng d | ||
| 020 | _a0130463086 | ||
| 050 |
_aHD62.7 _b.S33 |
||
| 100 | _aSCARBOROUGH, M. Norman | ||
| 245 | _aEffective Small Business Management | ||
| 260 |
_aU.S.A _bPrentice Hall _c2003 |
||
| 300 | _av, 979p. | ||
| 942 | _cBK | ||
| 999 |
_c4402 _d4402 |
||